[Event "BLR-chT U18"]
[Site "Gomel"]
[Date "2024.03.05"]
[Round "7.2"]
[White "Buldovich, Raman"]
[Black "Novikau, Mikita"]
[Result "1/2-1/2"]
[WhiteElo "2000"]
[BlackElo "2000"]
[PlyCount "124"]
[EventDate "2024.03.01"]
[EventType "tourn"]
[EventRounds "7"]
[EventCountry "BLR"]
[SourceTitle "CB11_2024"]
[SourceDate "2024.03.13"]
[SourceVersion "1"]
[SourceVersionDate "2024.03.13"]
[SourceQuality "1"]

1. Nf3 d5 2. g3 Nf6 3. Bg2 c5 4. 0-0 Nc6 5. d3 e6 6. Nbd2 Be7 7. e4 dxe4 8. dxe4 0-0 9. c3 b6 10. Re1 Bb7 11. Qc2 Qc7 12. Nc4 b5 13. Bf4 e5 14. Ncxe5 Bd6 15. Nd3 Bxf4 16. Nxf4 Ne5 17. Nxe5 Qxe5 18. Nd5 Bxd5 19. exd5 Qd6 20. Rad1 Rfd8 21. Qf5 Re8 22. Qd3 c4 23. Qd4 a6 24. f4 Nd7 25. Be4 Re7 26. Bc2 Rae8 27. Rxe7 Rxe7 28. Qf2 Nf6 29. Re1 Rxe1+ 30. Qxe1 Qxd5 31. Qd1 Qxd1+ 32. Bxd1 Kf8 33. Bf3 Nd7 34. Kf2 Ke7 35. Ke3 Kd6 36. Kd4 Nc5 37. Be4 h6 38. Bc2 Ne6+ 39. Ke3 Nc7 40. Kd4 Ne6+ 41. Ke3 a5 42. f5 Nc5 43. Kd4 f6 44. a4 Kc6 45. g4 Nb3+ 46. Bxb3 cxb3 47. axb5+ Kxb5 48. c4+ Kb4 49. c5 Kb5 50. Kc3 Kxc5 51. Kxb3 Kb5 52. Ka3 a4 53. b4 axb3 54. Kxb3 Kc5 55. Kc3 Kd5 56. Kd3 Ke5 57. Ke3 h5 58. h3 Kd5 59. Kf4 hxg4 60. Kxg4 Ke4 61. h4 Ke5 62. Kh5 Kxf5 1/2-1/2

[Event "BLR-chT U18"]
[Site "Gomel"]
[Date "2024.03.02"]
[Round "2.2"]
[White "Sadouski, Ivan"]
[Black "Novikau, Mikita"]
[Result "1/2-1/2"]
[WhiteElo "1800"]
[BlackElo "2000"]
[PlyCount "93"]
[EventDate "2024.03.01"]
[EventType "tourn"]
[EventRounds "7"]
[EventCountry "BLR"]
[SourceTitle "CB11_2024"]
[SourceDate "2024.03.13"]
[SourceVersion "1"]
[SourceVersionDate "2024.03.13"]
[SourceQuality "1"]

1. d4 d5 2. c4 c6 3. Nf3 Nf6 4. g3 Bf5 5. Bg2 h6 6. 0-0 e6 7. Qb3 Qc8 8. Bf4 Nbd7 9. Nc3 Be7 10. Rac1 a6 11. Ne5 Nxe5 12. Bxe5 dxc4 13. Qxc4 0-0 14. Qb3 Qd7 15. e4 Bg6 16. Rfd1 Bh5 17. f3 b5 18. Bf4 Rfd8 19. Be3 Rac8 20. h3 Qa7 21. g4 Bg6 22. Ne2 Qb7 23. Nf4 Bh7 24. Nd3 Ne8 25. Nc5 Bxc5 26. Rxc5 Nd6 27. e5 Ne8 28. Rdc1 Nc7 29. Rxc6 Nd5 30. Rxc8 Rxc8 31. f4 Rxc1+ 32. Bxc1 Qc7 33. Qd1 Bb1 34. a3 Qc4 35. Bxd5 Qxd5 36. Be3 Bg6 37. Qd2 Qf3 38. Kh2 Be4 39. Qf2 Qh1+ 40. Kg3 Qb1 41. Qd2 Bd5 42. Qf2 Be4 43. Qd2 Kh7 44. Qc1 Qd3 45. Qd2 Qf1 46. Qf2 Qb1 47. Qd2 1/2-1/2

[Event "Minsk op"]
[Site "Minsk"]
[Date "2023.11.07"]
[Round "5"]
[White "Novikau, Mikita"]
[Black "Kireyeu, Barys"]
[Result "1-0"]
[WhiteElo "1576"]
[BlackElo "1240"]
[PlyCount "107"]
[EventDate "2023.11.03"]
[EventType "swiss"]
[EventRounds "9"]
[EventCountry "BLR"]
[SourceTitle "CB46_2023"]
[SourceDate "2023.11.15"]
[SourceVersion "1"]
[SourceVersionDate "2023.11.15"]
[SourceQuality "1"]

1. e4 e5 2. Nf3 Nc6 3. Bc4 Bc5 4. c3 Nf6 5. d4 exd4 6. e5 d5 7. Bb5 Ne4 8. cxd4 Bb4+ 9. Bd2 Nxd2 10. Nfxd2 Bd7 11. Qa4 Bxd2+ 12. Nxd2 a6 13. Bxc6 Bxc6 14. Qb4 Qe7 15. Qxe7+ Kxe7 16. f4 Bd7 17. Ke2 Rac8 18. Rac1 b6 19. b4 h5 20. Rc3 Bf5 21. Rhc1 Kd7 22. Nf1 h4 23. Ne3 Be4 24. Kf2 Rh6 25. Ra3 Ra8 26. b5 a5 27. Rac3 Rc8 28. a4 c5 29. dxc5 d4 30. Rd1 bxc5 31. Rxc5 Rxc5 32. Rxd4+ Ke8 33. Rxe4 h3 34. g4 Rc1 35. Rd4 Ra1 36. Nf5 Ra2+ 37. Kf3 Rh7 38. Nd6+ Ke7 39. Nc8+ Ke8 40. Na7 g6 41. Nc6 Kf8 42. f5 Kg7 43. e6 Rh8 44. e7 Re8 45. Rd8 Ra3+ 46. Kf2 Rxe7 47. Nxe7 Rxa4 48. fxg6 fxg6 49. b6 Rb4 50. Rd7 Rb2+ 51. Kg3 Rb3+ 52. Kf4 a4 53. b7 Kf7 54. Nc6+ 1-0

[Event "BLR-ch U18"]
[Site "Orsha"]
[Date "2022.02.10"]
[Round "1"]
[White "Hryharovich, Aliaksei"]
[Black "Novikau, Mikita"]
[Result "1-0"]
[WhiteElo "1957"]
[BlackElo "1489"]
[PlyCount "51"]
[EventDate "2022.02.10"]
[EventType "swiss"]
[EventRounds "9"]
[EventCountry "BLR"]
[SourceTitle "CBM 207 Extra"]
[Source "ChessBase"]
[SourceDate "2022.05.31"]
[SourceVersion "1"]
[SourceVersionDate "2022.05.31"]
[SourceQuality "1"]

1. c4 e5 2. g3 Nf6 3. Bg2 Bc5 4. Nc3 0-0 5. e3 c6 6. Nge2 d5 7. cxd5 cxd5 8. d4 exd4 9. exd4 Bb4 10. 0-0 Bg4 11. Qb3 Nc6 12. Bg5 Bxc3 13. Nxc3 Nxd4 14. Qa4 Nf3+ 15. Bxf3 Bxf3 16. Qf4 Nh5 17. Qxf3 Qxg5 18. h4 Qh6 19. Nxd5 g6 20. Rad1 b6 21. g4 Ng7 22. Ne7+ Kh8 23. Qf6 Rg8 24. Nxg8 Rxg8 25. Rd8 Rxd8 26. Qxd8+ 1-0

[Event "Kaspersky op U16"]
[Site "Tornelo INT"]
[Date "2021.04.02"]
[Round "9"]
[White "Novikau, Mikita"]
[Black "Mendez Machado, Andre"]
[Result "1-0"]
[WhiteElo "1608"]
[BlackElo "1651"]
[PlyCount "109"]
[EventDate "2021.04.02"]
[EventType "swiss (blitz)"]
[EventRounds "11"]
[EventCountry "RUS"]
[SourceTitle "CBM 201 Extra"]
[Source "ChessBase"]
[SourceDate "2021.05.31"]
[SourceVersion "1"]
[SourceVersionDate "2021.05.31"]
[SourceQuality "1"]

1. d4 Nf6 2. c4 e6 3. Nc3 Bb4 4. Qc2 d5 5. e3 0-0 6. Nf3 b6 7. Bd2 Bb7 8. cxd5 exd5 9. Bd3 Bxc3 10. Bxc3 Ne4 11. 0-0 Nd7 12. Nd2 Nxd2 13. Bxd2 Nf6 14. Rac1 c6 15. b4 Qd6 16. f3 Rfe8 17. Rfe1 Rac8 18. a4 g6 19. a5 b5 20. a6 Bxa6 21. Ra1 Bb7 22. Rxa7 Rc7 23. Qc5 Qxc5 24. dxc5 Nd7 25. e4 d4 26. e5 Rxe5 27. Rxe5 Nxe5 28. Bf4 f6 29. Bxe5 fxe5 30. Be4 Rd7 31. Kf2 Kf7 32. Ke2 Ke6 33. Kd3 g5 34. g4 Ke7 35. Bf5 Rc7 36. Bxh7 Ke6 37. Bf5+ Ke7 38. Ke4 Kf6 39. Kd3 Ke7 40. h3 Kf6 41. Ke4 Ke7 42. Kxe5 Kf7 43. Kxd4 Kf6 44. Ke3 Re7+ 45. Be4 Kf7 46. f4 Kf6 47. Kf3 gxf4 48. Kxf4 Rf7 49. Bf5 Kg7 50. g5 Re7 51. h4 Kf7 52. h5 Kg7 53. h6+ Kh8 54. g6 Kg8 55. Kg5 1-0

[Event "Kaspersky op U16"]
[Site "Tornelo INT"]
[Date "2021.04.02"]
[Round "2"]
[White "Novikau, Mikita"]
[Black "Pidluznij, Gleb"]
[Result "0-1"]
[WhiteElo "1608"]
[BlackElo "2044"]
[PlyCount "52"]
[EventDate "2021.04.02"]
[EventType "swiss (blitz)"]
[EventRounds "11"]
[EventCountry "RUS"]
[SourceTitle "CBM 201 Extra"]
[Source "ChessBase"]
[SourceDate "2021.05.31"]
[SourceVersion "1"]
[SourceVersionDate "2021.05.31"]
[SourceQuality "1"]

1. e4 c5 2. Nf3 Nc6 3. d4 cxd4 4. Nxd4 Nf6 5. Nc3 d6 6. Be3 Ng4 7. Bb5 Nxe3 8. Nxc6 Nxd1 9. Nxd8+ Kxd8 10. Rxd1 a6 11. Bc4 e6 12. 0-0 Kc7 13. f4 Be7 14. f5 Bf6 15. fxe6 fxe6 16. Ne2 Bd7 17. c3 Rae8 18. Nf4 Rhf8 19. Rd2 Re7 20. Rdf2 Be5 21. Kh1 Kb6 22. Bb3 Rf6 23. Nd3 Rxf2 24. Rxf2 Bf6 25. h3 a5 26. Rd2 Bc6 0-1